| 000 | 01322nam0a22002891 4500 | ||
|---|---|---|---|
| 001 | rc\3454966 | ||
| 005 | 20250610114018.0 | ||
| 035 | _a(NLR Aleph) 007883042 | ||
| 090 |
_a7930007 _c7930007 |
||
| 100 | _a20130115d1972 |||y0rusy50 ca | ||
| 101 | 0 | _arus | |
| 102 | _aRU | ||
| 105 | _ay z ||||| | ||
| 200 | 1 |
_aОсновные данные по иновещанию капиталистических и развивающихся стран _e[Стат. сборник] _fГос. ком. Совета Министров СССР по телевидению и радиовещанию. Гл. дирекция программ центр. радиовещания на зарубеж. страны. Отд. писем и изучения аудитории |
|
| 210 |
_aМосква _cБ. и. _d1972 |
||
| 215 |
_a221 с. _d20 |
||
| 300 | _aВ вып. дан. сост.: А. Акимов, М. Постремова, Г. Рюмшина, Е. Ушаков | ||
| 333 | _aДля служебного пользования. Экз. № 323 | ||
| 702 | 1 |
_aПостремова _bМ. _4220 |
|
| 702 | 1 |
_aРюмшина _bГ. _4220 |
|
| 702 | 1 |
_aАкимов _bА. _4220 |
|
| 702 | 1 |
_aУшаков _bЕ. _4220 |
|
| 801 | 0 |
_aRU _bNLR _gpsbo |
|
| 801 | 1 |
_aRU _bELAR _2rusmarc |
|
| 852 |
_aNLR _j72-50К/3353 |
||
| 942 | _cBOOK | ||
| 980 | _aNB | ||